| 000 | 01227nam a2200397 a 4500 | ||
|---|---|---|---|
| 005 | 20250806090816.0 | ||
| 008 | 100930e2016||||ag a f |||| 001 0 spa d | ||
| 020 | _a9789871639410 | ||
| 041 | _aspa | ||
| 092 |
_c616 _l51 _sMED |
||
| 245 |
_aMedicina interna de todos los días / _cMaría de las Mercedes Magaz |
||
| 250 | _a1a ed. | ||
| 260 |
_aBuenos Aires: _bdelhospital ediciones; _c2016. |
||
| 300 |
_a508 p. _bil. _c18x14 cm. |
||
| 500 | _aMagaz, M. de las M. y Macaluso, M. (Eds.). (2016). Medicina interna de todos los días. (1a ed.). Buenos Aires : delhospital ediciones. | ||
| 653 | _aCardiología | ||
| 653 | _aNeumología | ||
| 653 | _aGastroenterología | ||
| 653 | _aNefrología | ||
| 653 | _aHematología | ||
| 653 | _aOncología | ||
| 653 | _aInfectología | ||
| 653 | _aEndocrinología | ||
| 653 | _aReumatología | ||
| 653 | _aNeurología | ||
| 653 | _aDermatología | ||
| 653 | _aOftalmología | ||
| 653 | _aOtorrinolaringología | ||
| 653 | _aNutrición | ||
| 653 | _aToxicología | ||
| 653 | _aAnalgesia | ||
| 653 | _aAbordaje del paciente crítico | ||
| 700 | 1 |
_aMagaz, María de las Merdeces _eEdit. _93435 |
|
| 700 | 1 |
_aMacaluso, Mariano _eEdit. _93436 |
|
| 942 |
_2ddc _cBK |
||
| 999 |
_c2608 _d2608 |
||